00917 2200301 4500001002100000005001500021035002000036007000300056040001700059100001800076245014300094250000900237300005700246020002200303041000800325082001400333084002000347090001800367260004200385700002700427850001000454008004100464600001400505990002400519990002400543990002400567990002400591INLIS00000000000263720260601082634 a0010-0620000010ta aSBPUPADbind0 aYekti Mumpuni1 aTetap Sehat Saat Lansia :bPencegahan Dan Penanganan 45 Penyakit Yang Sering Hinggap di Usia Lanjut /cYekti Mumpuni;EditorSigit Suyantoro aEd.1 a160 hlm. :bilus. ;c15 cmeBibliografi, hlm 161-168 a978-979-29-6046-40 aind a613.043.8 a613.043.8 YEK t a375 AGU p 9-1 aYogyakarta :bRapha Publishing,c20170 aEditor,Sigit Suyantoro aPUPAD260601 0  4akesehatan a34.650/DAK/DPK/2019 a34.651/DAK/DPK/2019 a34.652/DAK/DPK/2019 a34.795/DAK/DPK/2019